| 000 | 00489nam a2200193Ia 4500 | ||
|---|---|---|---|
| 003 | OSt | ||
| 005 | 20240307122922.0 | ||
| 008 | 210210b1979 xxu||||| |||| 00| 0 eng d | ||
| 040 | _cAL | ||
| 041 | _aEnglish | ||
| 082 | _a653 SELE | ||
| 100 |
_aSSBD. _9153403 |
||
| 245 | _aSelected shorthand passages key to selected dictation passages | ||
| 260 |
_aBangalore _bSilver Jubilee Publication _c1979 |
||
| 300 | _a64 | ||
| 690 |
_aShorthand _9153410 |
||
| 906 | _a037454 | ||
| 942 |
_2ddc _cBK |
||
| 999 |
_c87654 _d87654 |
||